14: Multiplikation und Division kleine Zahlen - Statistiken

Allgemein
  • Dieses Quiz wurde 1.173 mal gespielt
  • Das Durchschnittsergebnis liegt bei 20 aus 20
Antwortstatistiken
Problem Solution % Korrekt
0*1 0
100%
0*2 0
100%
0*5 0
100%
0*8 0
100%
0*9 0
100%
0*10 0
100%
1*0 0
100%
2*0 0
100%
4*0 0
100%
5*0 0
100%
6*0 0
100%
7*0 0
100%
9*0 0
100%
10*0 0
100%
0:1 0
100%
0:2 0
100%
0:3 0
100%
0:4 0
100%
0:9 0
100%
0:10 0
100%
1*1 1
100%
1:1 1
100%
3:3 1
100%
5:5 1
100%
6:6 1
100%
7:7 1
100%
8:8 1
100%
9:9 1
100%
10:10 1
100%
10*1 10
100%
10:1 10
100%
20:2 10
100%
30:3 10
100%
60:6 10
100%
70:7 10
100%
90:9 10
100%
121:11 11
100%
3*4 12
100%
2*7 14
100%
3*5 15
100%
5*3 15
100%
225:15 15
100%
2*8 16
100%
4*4 16
100%
8*2 16
100%
32:2 16
100%
64:4 16
100%
3*6 18
100%
6*3 18
100%
9*2 18
100%
14*14 196
100%
14:7 2
100%
16:8 2
100%
18:9 2
100%
20:10 2
100%
2*10 20
100%
5*4 20
100%
7*3 21
100%
15*15 225
100%
3*8 24
100%
6*4 24
100%
5*5 25
100%
3*9 27
100%
9*3 27
100%
4*7 28
100%
7*4 28
100%
1*3 3
100%
9:3 3
100%
21:7 3
100%
24:8 3
100%
27:9 3
100%
30:10 3
100%
3*10 30
100%
5*6 30
100%
6*5 30
100%
10*3 30
100%
8*4 32
100%
16*2 32
100%
4*9 36
100%
2*2 4
100%
4*1 4
100%
4:1 4
100%
8:2 4
100%
12:3 4
100%
16:4 4
100%
20:5 4
100%
24:6 4
100%
28:7 4
100%
36:9 4
100%
4*10 40
100%
8*5 40
100%
10*4 40
100%
6*7 42
100%
9*5 45
100%
8*6 48
100%
1*5 5
100%
5*1 5
100%
5:1 5
100%
10:2 5
100%
20:4 5
100%
25:5 5
100%
35:7 5
100%
40:8 5
100%
45:9 5
100%
5*10 50
100%
100:2 50
100%
6*9 54
100%
7*8 56
100%
3*2 6
100%
12:2 6
100%
18:3 6
100%
24:4 6
100%
30:5 6
100%
60:10 6
100%
6*10 60
100%
10*6 60
100%
7*9 63
100%
9*7 63
100%
8*8 64
100%
7:1 7
100%
28:4 7
100%
35:5 7
100%
42:6 7
100%
56:8 7
100%
63:9 7
100%
70:10 7
100%
10*7 70
100%
8*9 72
100%
9*8 72
100%
4*2 8
100%
8*1 8
100%
16:2 8
100%
24:3 8
100%
32:4 8
100%
48:6 8
100%
56:7 8
100%
64:8 8
100%
8*10 80
100%
9*9 81
100%
27*3 81
100%
1*9 9
100%
9*1 9
100%
9:1 9
100%
27:3 9
100%
36:4 9
100%
63:7 9
100%
90:10 9
100%
10*9 90
100%
72:9 8
98%
18:2 9
98%
0*0 0
97%
0*3 0
97%
0*6 0
97%
8*0 0
97%
0:5 0
97%
1*10 10
97%
40:4 10
97%
2:1 2
97%
4:2 2
97%
10:5 2
97%
12:6 2
97%
4*6 24
97%
8*3 24
97%
6:2 3
97%
12:4 3
97%
32:8 4
97%
40:10 4
97%
5*8 40
97%
7*6 42
97%
10*5 50
97%
8*7 56
97%
1*6 6
97%
48:8 6
97%
1*7 7
97%
2*4 8
97%
54:6 9
97%
0*7 0
96%
0:7 0
96%
0:8 0
96%
2*5 10
96%
80:8 10
96%
100:10 10
96%
4*3 12
96%
7*2 14
96%
2*9 18
96%
1*2 2
96%
4*5 20
96%
10*2 20
96%
3:1 3
96%
4*8 32
96%
64:2 32
96%
5*7 35
96%
7*5 35
96%
1*4 4
96%
5*9 45
96%
6*8 48
96%
7*7 49
96%
15:3 5
96%
50:10 5
96%
9*6 54
96%
2*3 6
96%
6*1 6
96%
6:1 6
96%
54:9 6
96%
32*2 64
96%
21:3 7
96%
1*8 8
96%
8:1 8
96%
80:10 8
96%
72:8 9
96%
0*4 0
95%
3*0 0
95%
4:4 1
95%
50:5 10
95%
10*10 100
95%
11*11 121
95%
2*1 2
95%
8:4 2
95%
3*7 21
95%
81:3 27
95%
3*1 3
95%
15:5 3
95%
16*4 64
95%
7*1 7
95%
45:5 9
95%
5*2 10
94%
50*2 100
94%
169:13 13
94%
196:14 14
94%
12*12 144
94%
9*4 36
94%
36:6 6
94%
14:2 7
94%
7*10 70
94%
9*10 90
94%
2*6 12
93%
144:12 12
93%
13*13 169
93%
30:6 5
93%
40:5 8
93%
10*8 80
93%
81:9 9
93%
6:3 2
92%
18:6 3
92%
49:7 7
92%
3*3 9
92%
6*2 12
91%
6*6 36
91%
2:2 1
90%
42:7 6
90%
0:6 0
88%
Keine übereinstimmenden Quizze gefunden
Verteilung der Resultate
Anzahl Personen mit jedem Resultat
Perzentil nach korrekt beantworteten Fragen
Ihre Resultats-Entwicklung
Sie haben dieses Quiz noch nicht gespielt